000
00265nam a22001217a 4500
003
OSt
008
250106b |||||||| |||| 00| 0 eng d
041
_a
eng
082
_a
624.171
_b
RAO/ST
100
_a
Rao, JK
_9
6781
245
_a
Structural Engineering
942
_c
BK
999
_c
18942
_d
18942